Raffaella Carrà "Tanti auguri" - testo completo - Statistics

Statistiche generali
  • Questo quiz è stato fatto 419 volte
  • Il punteggio medio è 216 su 276
Statistiche sulle risposte
indizio risposta % Corretto
a
100%
i
98%
auguri
96%
è
96%
e
96%
in
96%
tanti
96%
fa?
95%
ha
95%
ha!
95%
95%
la
95%
bello
94%
chi
93%
da
93%
Trieste
93%
far
92%
giù
92%
tu
92%
tu?
92%
strofa se
91%
un
91%
che
90%
città
90%
ritornello com'è
90%
l'amore
90%
non
90%
più
90%
io
88%
amanti
87%
campagna
87%
si
86%
ti
86%
altro
85%
lo
84%
son
84%
trovi
84%
problemi
83%
sai
83%
con
82%
ed
81%
lascia
80%
pronta
79%
mi
78%
po'
77%
il
75%
per
75%
li
73%
mondo
71%
sposto
71%
voglia
71%
hai
70%
cadesse
69%
caso
69%
di
66%
sempre
66%
farlo
65%
sono
65%
va
65%
ma
64%
ne
64%
una
63%
c'è
62%
l'importante
61%
vagabondo
61%
cuore
60%
mia
59%
quando
59%
guerra
56%
regole
56%
odio
55%
vita
54%
convinta
53%
mio
53%
letto
52%
miei
52%
roulette
52%
numeri
49%
terra
47%
girando
45%
addormenterai
44%
dove
44%
corpo
43%
moquette
41%
sia
30%
vuoi
30%
braccetto
29%
follia
28%
già
26%
strofa tutti
25%
dicono
23%
matta
23%
questo
20%
tutto
19%
litigare
15%
virtù
15%
della
14%
amarsi
13%
strada
12%
tante
12%
volte
12%
l'incoscienza
8%
Nessun quiz corrispondente trovato
Distribuzione punteggi
Percentuale di utenti per punteggio
Percentile per numero di risposta
I tuoi punteggi nel tempo
Non hai fatto questo quiz